Overwhelming Neighbour Countries by Population - Statistics

General Stats
  • This quiz has been taken 197 times
    97 since last reset
  • The average score is 16 of 21
Answer Stats
Hint Population Ratio Neighbouring Countries % Correct
Europe 75448 Italy / Vatican City
98%
Europe 1798 Italy / San Marino
92%
Europe 1750 France / Monaco
88%
Asia 1824 India / Bhutan
88%
S America 362 Brazil / Suriname
87%
Asia 1887 China / Bhutan
87%
Europe 616 Spain / Andorra
86%
S America 269 Brazil / Guyana
83%
Europe 880 France / Andorra
81%
Europe 135 Germany / Luxembourg
79%
N America 310 Mexico / Belize
76%
Europe 111 Russia / Estonia
75%
Europe 223 Switzerland / Liechtenstein
74%
Europe 231 Austria / Liechtenstein
73%
Asia 427 China / Mongolia
73%
Europe 109 France / Luxembourg
63%
Asia 193 Indonesia / East Timor
63%
Asia 153 China / Tajikistan
61%
Asia 219 China / Kyrgyzstan
56%
Asia 196 China / Laos
45%
S America 115 France / Suriname
40%
No matching quizzes found
Score Distribution
Percent of People with Each Score
Percentile by Number Answered
Your Score History
You have not taken this quiz since the last reset